• 首页
  • 本馆介绍
  • 公告通知
  • 最新文献
  • 馆藏检索
  • 电子资源
  • 读者导购
  • 参考咨询
  • 我的图书馆
  • 登录
  • 详细信息显示
  • 放入我的书架
  • 预约/预借图书
  • 作者相关作品
  • 分类相关作品
  • 丛书相关作品
  • 出版社相关作品

书目信息

  • 表格格式
  • 工作单格式
  • 卡片格式
题名:
溢美·优秀儿童美术课堂
    
 
作者: 赵曼丽 编著
分册:   孩子的画与话
出版信息: 长沙   湖南美术出版社  2017
页数: 71页
开本: 29cm
丛书名: “溢美”少儿美术教学丛书
单 册:
中图分类: J21-49 , J21
科图分类:
主题词: 儿童画--绘画技法--少儿读物
电子资源:
ISBN: 978-7-5356-8136-2
000 01273nam 2200277 450
001 2332945362
005 20231216090924.46
010    @a978-7-5356-8136-2@dCNY15.00
100    @a20171211d2017 cd y0chiy50 ea
101 0  @achi
102    @aCN@b430000
105    @aa z 000yy
200 1  @a溢美·优秀儿童美术课堂@Ayi mei ·you xiu er tong mei shu ke tang@i孩子的画与话@f赵曼丽编著
210    @a长沙@c湖南美术出版社@d2017
215    @a71页@c彩图@d29cm
225 2  @a“溢美”少儿美术教学丛书@A“yi mei ”shao er mei shu jiao xue cong shu
314    @a赵曼丽, 2007年创办赵曼丽美术工作室, 致力于无痕教学的探索与研究, “种子的力量”全国校外美术课题研究导师团队成员。
330    @a本书是儿童想象画创作, 是孩子生命成长的痕迹记录, 分三个单元, 一是由“形”感知, 表达创造, 二是移情介入, 忘形创作, 三是个性化造型符号的自由表达, 以对话的形式展现了低龄儿童绘画创作的过程与方法, 同时真实地呈现儿童丰富的情感世界与思维方式, 是了解儿童, 阅读儿童绘画语言, 关注儿童未来成长与发展的窗口与桥梁。
410  0 @12001 @a“溢美”少儿美术教学丛书
517 1  @a孩子的画与话@Ahai zi de hua yu hua
606 0  @a儿童画@x绘画技法@j少儿读物
690    @aJ21-49@v5
690    @aJ21@v4
701  0 @a赵曼丽@Azhao man li@4编著
801  0 @aCN@b湖北三新@c20171211
905    @aZUCC@dJ21@e49:3
    
    溢美·优秀儿童美术课堂.孩子的画与话/赵曼丽编著.-长沙:湖南美术出版社,2017
    71页:彩图;29cm.-(“溢美”少儿美术教学丛书)
    
    
    ISBN 978-7-5356-8136-2:CNY15.00
    本书是儿童想象画创作, 是孩子生命成长的痕迹记录, 分三个单元, 一是由“形”感知, 表达创造, 二是移情介入, 忘形创作, 三是个性化造型符号的自由表达, 以对话的形式展现了低龄儿童绘画创作的过程与方法, 同时真实地呈现儿童丰富的情感世界与思维方式, 是了解儿童, 阅读儿童绘画语言, 关注儿童未来成长与发展的窗口与桥梁。
●
相关链接 在五车中查询图书 在当当中查询图书 在豆瓣中查询图书


正题名:溢美·优秀儿童美术课堂     索取号:J21/49:3         预约/预借

序号 登录号 条形码 馆藏地/架位号 状态 备注
1 2001663026   2001663026   208书库/ [索取号:J21/49:3] 在馆    
2 2001663027   2001663027   208书库/ [索取号:J21/49:3] 在馆    
3 2001663028   2001663028   208书库/ [索取号:J21/49:3] 在馆    
4 2001663029   2001663029   208书库/ [索取号:J21/49:3] 在馆    
5 2001663030   2001663030   208书库/ [索取号:J21/49:3] 在馆    
6 2001663031   2001663031   208书库/ [索取号:J21/49:3] 在馆    
7 2001663032   2001663032   218书库/ [索取号:J21/49:3] 在馆    
8 2001663033   2001663033   218书库/ [索取号:J21/49:3] 在馆    
9 2001663034   2001663034   218书库/ [索取号:J21/49:3] 在馆    
10 2001663035   2001663035   218书库/ [索取号:J21/49:3] 在馆    
11 2001663036   2001663036   218书库/ [索取号:J21/49:3] 在馆    
12 2001663037   2001663037   218书库/ [索取号:J21/49:3] 在馆    
13 2001663038   2001663038   208书库/ [索取号:J21/49:3] 在馆    
14 2001663039   2001663039   208书库/ [索取号:J21/49:3] 在馆    
15 2001663040   2001663040   208书库/ [索取号:J21/49:3] 在馆    
16 2001663041   2001663041   208书库/ [索取号:J21/49:3] 在馆    
17 2001663042   2001663042   208书库/ [索取号:J21/49:3] 在馆    
18 2001663043   2001663043   208书库/ [索取号:J21/49:3] 在馆    
19 2001663044   2001663044   208书库/ [索取号:J21/49:3] 在馆    
20 2001663045   2001663045   208书库/ [索取号:J21/49:3] 在馆    
21 2001663046   2001663046   208书库/ [索取号:J21/49:3] 在馆    
22 2001663047   2001663047   208书库/ [索取号:J21/49:3] 在馆    
23 2001663048   2001663048   208书库/ [索取号:J21/49:3] 在馆    
24 2001663049   2001663049   208书库/ [索取号:J21/49:3] 在馆    
25 2001663050   2001663050   208书库/ [索取号:J21/49:3] 在馆    
26 2001663051   2001663051   208书库/ [索取号:J21/49:3] 在馆    
27 2001663052   2001663052   208书库/ [索取号:J21/49:3] 在馆    
28 2001663053   2001663053   208书库/ [索取号:J21/49:3] 在馆    
29 2001663054   2001663054   208书库/ [索取号:J21/49:3] 在馆    
30 2001663055   2001663055   208书库/ [索取号:J21/49:3] 在馆    
山东省滨州职业学院图书馆 欢迎您!
大连网信软件有限公司© 版权所有